ბათუმის შოთა რუსთაველის სახელმწიფო უნივერსიტეტის ბიბლიოთეკა

ჩანაწერი Personal Name

ჩანაწერთა რაოდენობა, რომელიც გამოყენებულია: 1

001 - CONTROL NUMBER

  • control field: 11702

003 - CONTROL NUMBER IDENTIFIER

  • control field: GE_BSU

005 - DATE AND TIME OF LATEST TRANSACTION

  • control field: 20210429154116.0

008 - FIXED-LENGTH DATA ELEMENTS

  • fixed length control field: 210429|| aca||aabn | a|a d

040 ## - CATALOGING SOURCE

  • Original cataloging agency: GE_BSU
  • Transcribing agency: GE_BSU

100 ## - HEADING--PERSONAL NAME

  • Personal name: Арошидзе, М.
  • Relator term: Научныи руководитель

670 ## - SOURCE DATA FOUND

  • Source citation: Work cat.: (GE_BSU)52156: Глонти-Катамадзе, Ирма 11701, Метафорическое моделирование языковой картины мира ребенка-би/поливинга /